Szczegóły MARC
| 000 -ETYKIETA REKORDU |
| podpole kontrolne o stałej długości |
01845nam a2200505 i 4500 |
| 001 - NUMER KONTROLNY REKORDU |
| pole kontrolne |
25564 |
| 003 - IDENTYFIKATOR NUMERU KONTROLNEGO REKORDU |
| podpole kontrolne |
KOSZ 005 |
| 005 - DATA OSTATNIEJ MODYFIKACJI REKORDU |
| podpole kontrolne |
20220117143753.0 |
| 008 - POLE O STAŁEJ DŁUGOŚCI - DANE KONTROLNE |
| podpole kontrolne o stałej długości |
070805s1971 pl a f 000 0 pol |
| 015 ## - NUMER BIBLIOGRAFII NARODOWEJ |
| Numer bibliografii narodowej |
PB 1972/452 |
| 040 ## - ŹRÓDŁO KATALOGOWANIA |
| Instytucja, która sporządziła opis |
WA N |
| Instytucja, która utworzyła rekord |
WA N |
| Instytucja, która dokonała modyfikacji |
KOSZ 005/RW |
| 041 0# - KOD JĘZYKA |
| Kod języka tekstu |
pol |
| Kod języka streszczenia lub abstraktu |
eng |
| -- |
rus |
| 046 ## - DATY KODOWANE |
| Pojedyncza data lub początek okresu powstania dzieła lub zbioru dzieł |
1971 |
| 080 ## - UNIWERSALNA KLASYFIKACJA DZIESIĘTNA - UKD |
| UKD |
556.5 |
| 080 ## - UNIWERSALNA KLASYFIKACJA DZIESIĘTNA - UKD |
| UKD |
532 |
| 080 ## - UNIWERSALNA KLASYFIKACJA DZIESIĘTNA - UKD |
| UKD |
668.8 |
| 100 1# - NAZWA OSOBOWA |
| Nazwa osobowa |
Oleszkiewicz, Jan A. |
| Określenie rodzaju współpracy |
Autor |
| 245 10 - TYTUŁ/ODPOWIEDZIALNOŚĆ |
| Tytuł |
Pomiary hydrologiczne z użyciem substancji wskaźnikowych / |
| Pozostałe elementy strefy tytułu i oznaczenia odpowiedzialności |
Jan Oleszkiewicz, Ignacy Urbański. |
| 260 ## - STREFA ADRESU WYDAWNICZEGO |
| Miejsce wydania |
Warszawa : |
| Nazwa wydawcy/dystrybutora |
Instytut Gospodarki Wodnej, |
| Data publikacji, dystrybucji/powstania dokumentu |
1971. |
| 300 ## - STREFA OPISU FIZYCZNEGO |
| Objętość |
31 stron : |
| Inne cechy fizyczne |
ilustracje ; |
| Rozmiary |
23 cm. |
| 336 ## - TYP ZAWARTOŚCI |
| Termin opisujący typ zawartości |
Tekst |
| Kod określający zawartość |
txt |
| Źródło (terminu i kodu) |
rdacontent |
| 337 ## - TYP MEDIÓW |
| Tryb odtwarzania |
Bez urządzenia pośredniczącego |
| Kod typu mediów |
n |
| Źródło (terminu i kodu) |
rdamedia |
| 338 ## - TYP/RODZAJ NOŚNIKA |
| Hasło opisujące typ nośnika |
Wolumin |
| Kod typu nośnika |
nc |
| Źródło (terminu i kodu) |
rdacarrier |
| 380 ## - FORMA I TYP PUBLIKACJI |
| Forma i typ publikacji |
Książki |
| 380 ## - FORMA I TYP PUBLIKACJI |
| Forma i typ publikacji |
Publikacje naukowe |
| 388 ## - CZAS POWSTANIA |
| Czas powstania |
1901-2000 |
| 490 1# - STREFA SERII I DOKUMENTU WIELOCZĘŚCIOWEGO - FORMA NIE DO WYSZUKIWANIA |
| Tytuł i oznaczenie odpowiedzialności serii |
Materiały Badawcze / Instytut Gospodarki Wodnej. Ochrona Wód przed Zanieczyszczeniem ; |
| Numeracja w obrębie serii |
nr 3. |
| 500 ## - UWAGI OGÓLNE |
| Tekst uwagi |
Numeracja serii głównej: nr 4. |
| 504 ## - UWAGA DOTYCZĄCA BIBLIOGRAFII |
| Informacje o bibliografii |
Bibliografia na stronach 23-25. |
| 546 ## - UWAGA O JĘZYKU |
| Uwaga o języku |
Streszczenie w języku angielskim, rosyjskim. |
| 650 #4 - HASŁO PRZEDMIOTOWE W FORMIE NAZWY OGÓLNEJ LUB JEDNOSTKOWEJ |
| Nazwa ogólna lub geograficzna |
Barwniki |
| 650 #4 - HASŁO PRZEDMIOTOWE W FORMIE NAZWY OGÓLNEJ LUB JEDNOSTKOWEJ |
| Nazwa ogólna lub geograficzna |
Hydrologia |
| 650 #4 - HASŁO PRZEDMIOTOWE W FORMIE NAZWY OGÓLNEJ LUB JEDNOSTKOWEJ |
| Nazwa ogólna lub geograficzna |
Pomiary |
| 650 #4 - HASŁO PRZEDMIOTOWE W FORMIE NAZWY OGÓLNEJ LUB JEDNOSTKOWEJ |
| Nazwa ogólna lub geograficzna |
Metody badawcze |
| 650 #4 - HASŁO PRZEDMIOTOWE W FORMIE NAZWY OGÓLNEJ LUB JEDNOSTKOWEJ |
| Nazwa ogólna lub geograficzna |
Przepływ |
| 650 #4 - HASŁO PRZEDMIOTOWE W FORMIE NAZWY OGÓLNEJ LUB JEDNOSTKOWEJ |
| Nazwa ogólna lub geograficzna |
Rzeki |
| 658 ## - TERMIN INDEKSOWY - PRZEDMIOT PROGRAMU NAUCZANIA |
| Główny przedmiot programu nauczania |
Ochrona środowiska |
| 658 ## - TERMIN INDEKSOWY - PRZEDMIOT PROGRAMU NAUCZANIA |
| Główny przedmiot programu nauczania |
Inżynieria i technika |
| 700 1# - HASŁO DODATKOWE - NAZWA OSOBOWA |
| Nazwa osobowa |
Urbański, Ignacy |
| Określenie związku między hasłem a opisywanym materiałem |
Autor |
| 710 2# - HASŁO DODATKOWE - NAZWA CIAŁA ZBIOROWEGO |
| Nazwa ciała zbiorowego lub jednostki geograficznej |
Instytut Gospodarki Wodnej |
| Kod określenia powiązania |
pbl. |
| 830 #0 - HASŁO DODATKOWE SERII LUB DOKUMENTU WIELOCZĘŚCIOWEGO - TYTUŁ UJEDNOLICONY |
| Tytuł ujednolicony |
Materiały Badawcze - Instytut Gospodarki Wodnej |
| Oznaczenie tomu |
nr 4 |
| 830 #0 - HASŁO DODATKOWE SERII LUB DOKUMENTU WIELOCZĘŚCIOWEGO - TYTUŁ UJEDNOLICONY |
| Tytuł ujednolicony |
Materiały Badawcze - Instytut Gospodarki Wodnej. |
| Nazwa części/sekcji dzieła |
Ochrona Wód przed Zanieczyszczeniem |
| Oznaczenie tomu |
nr 3 |
| 856 ## - LOKALIZACJA I DOSTĘP DO ELEKTRONICZNYCH DOKUMENTÓW ZDALNYCH |
| Link (URL) |
http://koha.tu.koszalin.pl/cgi-bin/koha/opac-detail.pl?biblionumber=25564 |
| Tekst linku |
Katalog online BPK |
| 942 ## - DODATKOWE ELEMENTY (KOHA) |
| Schemat klasyfikacji |
Uniwersalna Klasyfikacja Dziesiętna |
| Typ dokumentu |
Książka |